000 01167cam a2200325 a 4500
003 CHAP
005 20220329142304.0
008 000515d1989 mx ab r 10100 spa d
010 _a81119
011 _a82091
020 _a9688590371
035 _a92577
040 _cCHAP
082 0 4 _a972.4
_bS5
111 0 0 _aSimposio Internacional de Investigaciones Socio-Históricas sobre Tlaxcala
_n(3 :
_d1987 :
_cTlaxcala, Tlax.)
_9106258
245 1 0 _aHistoria y sociedad en Tlaxcala :
_bmemorias
_c/por Instituto Tlaxcalteca de Cultura
260 _aTlaxcala, Tlax. :
_bGobierno del Estado de Tlaxcala,
_c1989.
300 _a195 p. :
_bilus. ; gráfs. ; mapas , tablas
590 _aBATCH-UPD
_b10
_c20130110
_lUCH01
_h0515
590 _aBATCH-UPD
_b10
_c20130110
_lUCH01
_h2241
590 _aBATCH-UPD
_b10
_c20130410
_lUCH01
_h0153
590 _aBATCH-UPD
_b10
_c20130914
_lUCH01
_h2024
590 _aCONVERSION
_b10
_c20130109
_lUCH01
_h1345
650 1 4 _aTlaxcala
_xCondiciones sociales.
_9113470
650 1 4 _aTlaxcala
_xHistoria.
_9113476
901 _aBK
905 _aMayto Villalobos S.
942 _cLIBRO
949 _a972.4 S5
_bBC
_cCONG
_d925771
_eCONG
_h96593
_i92577
_st
999 _c81119
_d81119